[Event "UKR-ch"]
[Site "Kiev"]
[Date "1986.??.??"]
[Round "2"]
[White "Novikov, Igor A"]
[Black "Shneider, Aleksandr"]
[Result "1/2-1/2"]
[WhiteElo "2490"]
[BlackElo "2450"]

1.d4 Nf6 2.c4 e6 3.Nf3 b6 4.a3 Ba6 5.Qc2 Bb7 6.Nc3 c5 7.e4 cxd4 8.Nxd4 d6
9.Bg5 Nbd7 10.Rd1 a6 11.f4 Qc7 12.f5 exf5 13.Nxf5 g6 14.Ne3 Bg7 15.Bf4 Ne5
16.Be2 O-O 17.O-O Rfe8 18.Kh1 Rac8  1/2-1/2

[Event "UKR-ch"]
[Site "Kiev"]
[Date "1986.??.??"]
[Round "11"]
[White "Gofshtein, Leonid D"]
[Black "Levin, Felix"]
[Result "1-0"]
[WhiteElo "2385"]
[BlackElo "2295"]

1.d4 Nf6 2.c4 e6 3.Nf3 b6 4.a3 Ba6 5.Qc2 Bb7 6.Nc3 c5 7.e3 Be7 8.Bd3 cxd4
9.exd4 Bxf3 10.gxf3 Nc6 11.Be3 O-O 12.Rg1 g6 13.d5 Ne5 14.Be2 Qc8 15.Qb3 exd5
16.Nxd5 Nxd5 17.cxd5 d6 18.Rc1 Qh3 19.Qd1 b5 20.f4  1-0

[Event "GLC Masters"]
[Site "London"]
[Date "1986.??.??"]
[Round "13"]
[White "Le Blancq, Simon"]
[Black "Carlier, Bruno"]
[Result "0-1"]
[WhiteElo "2410"]
[BlackElo "2315"]

1.d4 Nf6 2.c4 e6 3.Nf3 b6 4.a3 Ba6 5.Qc2 Bb7 6.Nc3 c5 7.dxc5 bxc5 8.e4 d6
9.Be2 Nc6 10.O-O Be7 11.Rd1 Qb6 12.Na4 Qc7 13.Bf4 e5 14.Bg3 O-O 15.Bd3 a5
16.Nc3 Rfb8 17.Nd5 Qd8 18.b3 Bc8 19.h3 Bd7 20.Rdb1 Rb7 21.Rb2 Rab8 22.Rab1 h6
23.Nc3 Nh5 24.Bh2 g5 25.Nb5 Be6 26.Nd2 Nf4 27.Nf1 Kh7 28.Ne3 Qg8 29.Be2 Rxb5
30.Bxf4 gxf4 31.cxb5 Nd4 32.Qd1 fxe3 33.fxe3 Nxe2+ 34.Qxe2 Qg6 35.a4 Qxe4
36.Qd2 Rg8 37.Rf1 Bg5 38.Qxd6 Qxe3+ 39.Kh1 Bxh3 40.Rxf7+ Kh8 41.Rf3 Bxg2+
42.Rxg2 Qxf3  0-1

[Event "Candidats (Women)"]
[Site "Malmo"]
[Date "1986.??.??"]
[Round "?"]
[White "Cramling, Pia"]
[Black "Alexandria, Nana"]
[Result "1-0"]
[WhiteElo "2400"]
[BlackElo "2310"]

1.d4 Nf6 2.c4 e6 3.Nf3 b6 4.a3 Ba6 5.e3 d5 6.b3 Be7 7.Bd3 O-O 8.O-O c5 9.Bb2 Nc6
10.Qe2 cxd4 11.exd4 Rc8 12.Nbd2 Re8 13.Rad1 Bf8 14.Ne5 dxc4 15.Ndxc4 Bb7
16.Bb1 Ne7 17.f4 Rc7 18.h3 Bd5 19.Kh2 g6 20.Rde1 Bg7 21.a4 Nf5 22.Qf2 Nd6
23.Bd3 Nfe4 24.Qc2 f5 25.Qe2 Qh4 26.Qe3 Rec8 27.Rc1 Bf8 28.g3 Qd8 29.Rc2 Ne8
30.Rfc1 N8f6 31.Be2 a6 32.Na3 Rxc2 33.Nxc2 Bb7 34.Bc4 Nd5 35.Qe2 b5 36.axb5 axb5
37.Bd3 Ndc3 38.Qe1 b4 39.Bc4 Nd5 40.Ne3 Kg7 41.Nd3 Ndc3 42.Bxe6 Ra8 43.d5 h5
44.Rc2 Kh7 45.Ne5 Bc5 46.Nf7 Qf6 47.Ne5 Ra2 48.Bf7 Bxe3 49.Qxe3 Bxd5 50.Bxg6+ Kg7
51.Qd4 h4 52.gxh4 Qd6 53.Nc4+ Qf6 54.Ne5 Qd6 55.Nc4+ Qf6 56.Qxd5  1-0

[Event "Marseille"]
[Site "Marseille"]
[Date "1986.??.??"]
[Round "?"]
[White "Cebalo, Miso"]
[Black "Miralles, Gilles"]
[Result "1-0"]
[WhiteElo "2475"]
[BlackElo "2410"]

1.d4 Nf6 2.c4 e6 3.Nf3 b6 4.a3 Bb7 5.Nc3 d5 6.cxd5 Nxd5 7.Qc2 c5 8.e4 Nxc3
9.bxc3 Nd7 10.Bf4 cxd4 11.cxd4 Rc8 12.Qb3 Be7 13.Bd3 O-O 14.O-O Nb8 15.Rad1 h6
16.Rfe1 Nc6 17.d5 Na5 18.Qa4 exd5 19.exd5 Bxd5 20.Bxh6 Bf6 21.Qg4 Re8 22.Rxe8+ Qxe8
23.Qf5 Be6 24.Qh7+ Kf8 25.Bd2 Nb3 26.Bf4 Rd8 27.Re1 Nc5 28.Bc2 Rd5 29.h4 Ke7
30.Ng5 Qd8 31.Nxe6 Nxe6 32.h5 Rd4 33.Be3 Rc4 34.h6 gxh6 35.Bb3 Rc6 36.Bxh6 Qh8
37.Qe4 Qc8 38.Qb4+ Rc5 39.Bxe6 fxe6 40.Be3 a5 41.Bxc5+ Qxc5 42.Qe4 Qd6 43.Qh7+  1-0

[Event "URS-ch otbor"]
[Site "Minsk"]
[Date "1986.??.??"]
[Round "?"]
[White "Vyzmanavin, Alexey"]
[Black "Naumkin, Igor"]
[Result "1-0"]
[WhiteElo "2470"]
[BlackElo "2420"]

1.d4 Nf6 2.c4 e6 3.Nf3 b6 4.a3 Bb7 5.Nc3 d5 6.cxd5 exd5 7.g3 Be7 8.Qa4+ c6
9.Bg2 O-O 10.O-O Nbd7 11.Bf4 Nh5 12.Rac1 Nxf4 13.gxf4 a5 14.Rfd1 Nf6 15.Ne5 Rc8
16.Qb3 b5 17.Rc2 Rc7 18.Rdc1 a4 19.Qa2 Bd6 20.e3 Nd7 21.Ne2 Nb8 22.Ng3 g6
23.Rc3 Kh8 24.Qb1 f6 25.Nd3 Nd7 26.f5 g5 27.e4 Re8 28.Re1 Rc8 29.Qd1 Re7
30.e5 fxe5 31.f6 Re6 32.Bh3 Qxf6 33.Bxe6 Qxe6 34.dxe5 Bc7 35.Qh5 Rg8 36.f4 Bb6+
37.Kf1 Rf8 38.f5 Rxf5+ 39.Nxf5 Qxf5+ 40.Ke2 b4 41.Rf1 Qe6 42.Qf7 Qg4+ 43.Qf3 Qxf3+
44.Rxf3 bxc3 45.e6 cxb2 46.e7  1-0

[Event "Moscow"]
[Site "Moscow"]
[Date "1986.??.??"]
[Round "?"]
[White "Raicevic, Vladimir"]
[Black "Razuvaev, Yuri S"]
[Result "1/2-1/2"]
[WhiteElo "2485"]
[BlackElo "2525"]

1.d4 Nf6 2.c4 e6 3.Nf3 b6 4.a3 Ba6 5.e3 d5 6.Nbd2 Be7 7.b4 O-O 8.Bb2 dxc4
9.Bxc4 Bxc4 10.Nxc4 a5 11.bxa5 b5 12.Ncd2 Rxa5 13.O-O Nbd7 14.Qc2 Ra7 15.a4  1/2-1/2

[Event "Paris"]
[Site "Paris"]
[Date "1986.??.??"]
[Round "?"]
[White "Marjanovic, Slavoljub"]
[Black "Popovic, Petar"]
[Result "1/2-1/2"]
[WhiteElo "2515"]
[BlackElo "2540"]

1.d4 Nf6 2.c4 e6 3.Nf3 b6 4.a3 Ba6 5.Qc2 Bb7 6.Nc3 c5 7.e4 cxd4 8.Nxd4 Nc6
9.Nxc6 Bxc6 10.Bf4 Bc5 11.Be2 O-O 12.Rd1 a5 13.O-O Qe7 14.Bf3 e5 15.Bc1 a4
16.Rfe1  1/2-1/2

[Event "POL-chT"]
[Site "Porabka"]
[Date "1986.??.??"]
[Round "?"]
[White "Panczyk, Krzysztof"]
[Black "Grabowski, Andrzej"]
[Result "1-0"]
[WhiteElo "2410"]
[BlackElo "2265"]

1.d4 Nf6 2.c4 e6 3.Nf3 b6 4.a3 Bb7 5.Nc3 d5 6.cxd5 exd5 7.g3 g6 8.Bg2 Bg7
9.O-O O-O 10.Bf4 c6 11.Rc1 Re8 12.Qc2 Nbd7 13.Rfd1 Nf8 14.Be5 Bh6 15.Bxf6 Qxf6
16.e3 Qe7 17.Qa4 Bg7 18.Re1 Qd7 19.Rcd1 f5 20.Ne2 Re7 21.Nf4 Qe8 22.Nd3 Nd7
23.Rc1 Kh8 24.Red1 Re6 25.Rd2 Rd6 26.Rdc2 Bf6 27.h4 Kg8 28.Nf4 Kh8 29.Bf1 a6
30.Bg2 Rc8 31.Nd3 Bg7 32.Qb4 Re6 33.Nf4 Bf8 34.Qb3 Re7 35.Nd3 Bg7 36.Nfe5 Nxe5
37.Nxe5 Bxe5 38.dxe5 Qd8 39.f4 Rb8 40.Rxc6 Bxc6 41.Rxc6 Rd7 42.Qc3 d4 43.exd4 Rxd4
44.Rd6 Rd1+ 45.Kh2 Rc8 46.Rxd1  1-0

[Event "Quebec"]
[Site "Quebec"]
[Date "1986.??.??"]
[Round "6"]
[White "Bolduc, Steve"]
[Black "Spraggett, Kevin"]
[Result "1-0"]
[WhiteElo "2230"]
[BlackElo "2535"]

1.d4 Nf6 2.c4 e6 3.Nf3 b6 4.a3 Bb7 5.Nc3 d5 6.cxd5 exd5 7.g3 Be7 8.Qa4+ c6
9.Bg2 O-O 10.O-O Nbd7 11.Bf4 Nh5 12.Ne5 Nxe5 13.dxe5 Nxf4 14.gxf4 f5 15.b4 b5
16.Qb3 a5 17.e3 Ra7 18.Ne2 Qb6 19.Nd4 g6 20.Rfc1 Kh8 21.Qc3 Rc8 22.Nb3 axb4
23.axb4 Rxa1 24.Rxa1 Ra8 25.Rxa8+ Bxa8 26.Nc5 Bxc5 27.bxc5 b4 28.Qd4 Qb8
29.e6+ Kg8 30.Qf6 Qf8 31.Qe5 b3 32.Bf1 Bb7 33.Qc7 Ba8 34.Qd7  1-0

[Event "Sochi"]
[Site "Sochi"]
[Date "1986.??.??"]
[Round "2"]
[White "Chernin, Alexander"]
[Black "Gligoric, Svetozar"]
[Result "1/2-1/2"]
[WhiteElo "2565"]
[BlackElo "2520"]

1.d4 Nf6 2.c4 e6 3.Nf3 b6 4.a3 Bb7 5.Nc3 d5 6.cxd5 exd5 7.g3 Be7 8.Qa4+ c6
9.Bh3 O-O 10.O-O c5 11.Rd1 Nc6 12.Bg5 cxd4 13.Nxd4 Nxd4 14.Qxd4 h6 15.Be3 Bc5
16.Qf4 Re8 17.Bd4 Ne4 18.Bxc5 Nxc3 19.bxc3 bxc5 20.Bg2 Rxe2 21.c4 Re6 22.cxd5 Rf6
23.Qe3 Qd6 24.Rac1 Rc8 25.f4 Ba6 26.h4 Bb5 27.Kh2 a6 28.Rc3 c4 29.Rd4 Qb6
30.Qd2 Rd6 31.a4 Bxa4 32.Rdxc4 Rxc4 33.Rxc4 Bd7 34.Rb4 Bb5 35.Re4 Rd8 36.Re5 Qd6
37.Qc3 Bd7 38.Re2 Bb5 39.Re1 Qb6 40.Rd1 Qd6 41.Re1 Qb6 42.Rd1 Qd6  1/2-1/2

[Event "Sochi"]
[Site "Sochi"]
[Date "1986.??.??"]
[Round "8"]
[White "Chernin, Alexander"]
[Black "Razuvaev, Yuri S"]
[Result "1/2-1/2"]
[WhiteElo "2565"]
[BlackElo "2535"]

1.d4 Nf6 2.c4 e6 3.Nf3 b6 4.a3 Ba6 5.Qc2 Bb7 6.Nc3 c5 7.e4 cxd4 8.Nxd4 Bc5
9.Nb3 Be7 10.Bf4 Nh5 11.Be3 d6 12.Be2 Nf6 13.O-O Nbd7 14.Rfd1 O-O 15.Bf4 Qb8
16.Bg3 Rc8 17.Nd4 Ne5 18.b3 a6 19.a4  1/2-1/2

[Event "Sochi"]
[Site "Sochi"]
[Date "1986.??.??"]
[Round "9"]
[White "Razuvaev, Yuri S"]
[Black "Gligoric, Svetozar"]
[Result "1/2-1/2"]
[WhiteElo "2535"]
[BlackElo "2520"]

1.d4 Nf6 2.c4 e6 3.Nf3 b6 4.a3 Bb7 5.Nc3 d5 6.cxd5 exd5 7.Qa4+ c6 8.Bg5 Be7
9.e3 O-O 10.Bd3 c5 11.O-O Ne4 12.Bxe7 Qxe7 13.dxc5 Nxc5 14.Qc2 g6  1/2-1/2

[Event "Szirak"]
[Site "Szirak"]
[Date "1986.??.??"]
[Round "?"]
[White "Ftacnik, Lubomir"]
[Black "Csom, Istvan"]
[Result "1-0"]
[WhiteElo "2555"]
[BlackElo "2505"]

1.d4 Nf6 2.c4 e6 3.Nf3 b6 4.a3 Bb7 5.Nc3 Ne4 6.Nxe4 Bxe4 7.Bf4 Be7 8.e3 c5
9.d5 Bf6 10.Nd2 Bg6 11.Qb3 O-O 12.Be2 Re8 13.dxe6 fxe6 14.Bf3 Nc6 15.Rd1 e5
16.Bd5+ Kh8 17.Bg3 e4 18.Bxc6 dxc6 19.Nxe4 Bxe4 20.Rxd8 Raxd8 21.O-O Bd3
22.Rc1 b5 23.h4 Bxc4 24.Rxc4 bxc4 25.Qxc4 Bxb2 26.Qxc5 Rd1+ 27.Kh2 Rc1 28.Qb4 Bf6
29.e4 h6 30.Qd2 Rc4 31.f3 Rd8 32.Qe2 Rc3 33.Qa6 Bd4 34.e5 Bc5 35.Qa5 Rdd3
36.e6 Rc2 37.Qc7 Re2 38.Qxc6 Bxa3 39.Qa6 Red2 40.Qxa7 Bb2  1-0

[Event "URS-ch U20"]
[Site "Tallinn"]
[Date "1986.??.??"]
[Round "?"]
[White "Glek, Igor V"]
[Black "Novikov, Igor A"]
[Result "1-0"]
[WhiteElo "2430"]
[BlackElo "2490"]

1.d4 Nf6 2.c4 e6 3.Nf3 b6 4.a3 Bb7 5.Nc3 d5 6.cxd5 Nxd5 7.Qc2 c5 8.e4 Nxc3
9.bxc3 Nc6 10.Bb2 Be7 11.Bd3 O-O 12.O-O cxd4 13.cxd4 Rc8 14.Qe2 Bf6 15.Qe3 Na5
16.Rac1 Qd7 17.h4 Qa4 18.Qe2 Rfd8 19.h5 Qd7 20.Rcd1 Qc7 21.e5 Be7 22.Nd2 Qd7
23.Bb1 Qa4 24.Qd3 g6 25.Qg3 Kg7 26.f4 Ba6 27.f5 exf5 28.Bxf5 Bxf1 29.Rxf1 Nc4
30.Nxc4 Rxc4 31.e6 f6 32.Bxg6 Rcxd4 33.Bc2+ Rg4 34.Qc7 Rd7 35.Qxd7 Rxg2+
36.Kxg2 Qg4+ 37.Kf2 Qf4+ 38.Ke2 Qg4+ 39.Ke1  1-0

[Event "URS-ch U20"]
[Site "Tallinn"]
[Date "1986.??.??"]
[Round "?"]
[White "Novikov, Igor A"]
[Black "Rozentalis, Eduardas"]
[Result "1/2-1/2"]
[WhiteElo "2490"]
[BlackElo "2465"]

1.d4 Nf6 2.c4 e6 3.Nf3 b6 4.a3 Bb7 5.Nc3 d5 6.cxd5 exd5 7.g3 Be7 8.Bg2 O-O
9.O-O c5 10.Qc2 Na6 11.Rd1 Nc7 12.Bf4 Ne6 13.Be5 Ng4 14.dxc5 Bxc5 15.e3 Re8
16.Qf5 Nh6 17.Qh5 f6 18.Bd4 Bf8 19.Ne1 g6 20.Qf3 Nf5 21.Nxd5 Nexd4 22.exd4 Kh8
23.Qb3 Bg7 24.Nc2 Qd7 25.Nc3 Bxg2 26.Kxg2 Nh4+ 27.gxh4 Qg4+ 28.Kf1 Qh3+  1/2-1/2

[Event "URS-ch U20"]
[Site "Tallinn"]
[Date "1986.??.??"]
[Round "?"]
[White "Epishin, Vladimir"]
[Black "Rozentalis, Eduardas"]
[Result "1/2-1/2"]
[WhiteElo "2350"]
[BlackElo "2465"]

1.d4 Nf6 2.Nf3 e6 3.c4 b6 4.a3 Bb7 5.Nc3 d5 6.cxd5 exd5 7.g3 Be7 8.Qa4+ c6
9.Bg2 O-O 10.O-O Nbd7 11.Nh4 g6 12.Nf3 Re8 13.Bf4 Nh5 14.Bh6 Bd6 15.Rfe1 Ndf6
16.Rad1 Qc7 17.Rc1 Qd7 18.Ng5 Qe7 19.Bf3 c5 20.Red1 cxd4 21.Qxd4 Bc5 22.Qh4 d4
23.Na4 Bxf3 24.Nxf3 Qxe2 25.Nxd4 Qg4 26.Bg5 Qxh4  1/2-1/2

[Event "Tbilisi tt"]
[Site "Tbilisi"]
[Date "1986.??.??"]
[Round "?"]
[White "Vladimirov, Evgeny"]
[Black "Petran, Pal"]
[Result "1-0"]
[WhiteElo "2490"]
[BlackElo "2420"]

1.d4 Nf6 2.c4 e6 3.Nf3 b6 4.a3 Bb7 5.Nc3 d5 6.cxd5 Nxd5 7.Qc2 Nxc3 8.Qxc3 Nd7
9.Bg5 Nf6 10.e4 c6 11.Bxf6 gxf6 12.Rd1 Bg7 13.Bc4 O-O 14.O-O Qc7 15.Qe3 Rad8
16.h4 Kh8 17.Rc1 Qd6 18.Bb3 Rg8 19.Rfd1 Qf8 20.Qe2 Bh6 21.Rc3 Qg7 22.g3 Qg4
23.d5 c5 24.Bc4 Bf4 25.b3 Rd6 26.a4 Rgd8 27.Rcd3 Be5 28.Qe3 Kg7 29.dxe6 fxe6
30.Nxe5  1-0

[Event "Tbilisi tt"]
[Site "Tbilisi"]
[Date "1986.??.??"]
[Round "?"]
[White "Vyzmanavin, Alexey"]
[Black "Petran, Pal"]
[Result "1/2-1/2"]
[WhiteElo "2470"]
[BlackElo "2420"]

1.d4 Nf6 2.c4 e6 3.Nf3 b6 4.a3 Ba6 5.Qc2 Bb7 6.Nc3 c5 7.e4 cxd4 8.Nxd4 d6
9.Be2 Be7 10.O-O O-O 11.Be3 Nbd7 12.f4 a6 13.Rad1 Qc7 14.a4 g6 15.Kh1 Rfe8
16.Nf3 Bf8 17.Bd4 Bg7 18.Rfe1 Rad8 19.Bf1 Qb8 20.Bf2 Nh5 21.Be3 Nhf6 22.Nd2 Qa8
23.Be2 Qb8 24.Bf3 Qc7 25.Rc1 Rc8 26.Rcd1 h5 27.h3 Bh6 28.e5 dxe5 29.Bxb7 exf4
30.Bxc8 fxe3 31.Bxd7 exd2 32.Rxe6 Rxe6 33.Bxe6 Kg7 34.Bd5 Qg3 35.Ne2 Qe1+
36.Ng1 Be3 37.Bf3 Qg3 38.Ne2 Qe1+ 39.Ng1 Qg3 40.Ne2 Qe1+ 41.Kh2 h4 42.Qb1 Bf2
43.Rxe1 dxe1=Q 44.Qxe1 Bxe1  1/2-1/2

[Event "Tbilisi tt"]
[Site "Tbilisi"]
[Date "1986.??.??"]
[Round "?"]
[White "Yermolinsky, Alex"]
[Black "Danailov, Silvio"]
[Result "1-0"]
[WhiteElo "2445"]
[BlackElo "2425"]

1.d4 Nf6 2.Nf3 e6 3.c4 b6 4.a3 Bb7 5.Nc3 g6 6.d5 exd5 7.cxd5 Bg7 8.Bg5 h6
9.Bh4 O-O 10.e3 c6 11.Bc4 Na6 12.O-O cxd5 13.Bxd5 Bxd5 14.Nxd5 g5 15.Bg3 Nxd5
16.Qxd5 Bxb2 17.Rad1 Bg7 18.h4 gxh4 19.Nxh4 Nc5 20.Nf5 Qf6 21.Qf3 Rae8 22.Bd6 Re6
23.Bxf8 Bxf8 24.Rd4 Re5 25.Rd5 Ne4 26.Nxh6+  1-0

[Event "Tirnavia"]
[Site "Trnava"]
[Date "1986.??.??"]
[Round "7"]
[White "Priehoda, Vitezslav"]
[Black "Mokry, Karel"]
[Result "1/2-1/2"]
[WhiteElo "2370"]
[BlackElo "2520"]

1.d4 Nf6 2.c4 e6 3.Nf3 b6 4.a3 Bb7 5.Nc3 d5 6.cxd5 exd5 7.Bf4 Bd6 8.Bg3 O-O
9.e3 c5 10.Bd3 Re8 11.Rc1 c4 12.Bb1 Nc6 13.O-O Bxg3 14.hxg3 Qd6 15.Re1 g6
16.Ng5  1/2-1/2

[Event "Tirnavia-B"]
[Site "Trnava"]
[Date "1986.??.??"]
[Round "13"]
[White "Miniboeck, Guenter"]
[Black "Jurek, Josef"]
[Result "1-0"]
[WhiteElo "2250"]
[BlackElo "2355"]

1.d4 Nf6 2.c4 e6 3.Nf3 b6 4.a3 Bb7 5.Nc3 d5 6.cxd5 exd5 7.Bg5 Be7 8.Qa4+ c6
9.e3 O-O 10.Bd3 Nbd7 11.O-O c5 12.Rad1 c4 13.Bf5 a6 14.Ne5 b5 15.Qc2 g6 16.Bh3 Nb6
17.Bh6 Re8 18.f4 Ne4 19.f5 g5 20.f6 Bxf6 21.Ng4 Bh8 22.Nxe4 dxe4 23.Rf5 f6
24.Rdf1 Nd5 25.Qf2 Qe7 26.Bxg5 fxg5 27.Rxg5+ Bg7 28.Nh6+ Kh8 29.Nf7+ Kg8
30.Rxg7+ Kxg7 31.Qg3+ Kf8 32.Nh6+ Qf6 33.Rxf6+ Nxf6 34.Nf5  1-0

[Event "USA-chJ"]
[Site "?"]
[Date "1986.??.??"]
[Round "?"]
[White "Rachels, Stuart"]
[Black "Shtern, Igor"]
[Result "1-0"]
[WhiteElo "2350"]
[BlackElo "2295"]

1.d4 Nf6 2.c4 e6 3.Nf3 b6 4.a3 c5 5.d5 exd5 6.cxd5 g6 7.d6 Bb7 8.Nc3 Bg7
9.e4 Nxe4 10.Nd5 O-O 11.Nc7 Qf6 12.Nxa8 Bxa8 13.Rb1 Nxd6 14.Be2 Ne4 15.O-O d5
16.Re1 h6 17.Qc2 Nc6 18.Bb5 Qf5 19.Bd3 Re8 20.b3 Nd4 21.Nxd4 Bxd4 22.Be3 Bxe3
23.Rxe3 Qf6 24.Bxe4 Rxe4 25.Rxe4 dxe4 26.Qd2 Kg7 27.Rd1 Qe5 28.Qd8 Bb7 29.Qd2 Bc8
30.h3 Be6 31.b4 Bb3 32.Rb1 c4 33.Rc1 h5 34.h4 Qf6 35.g3 Qe5 36.Rc3 b5 37.Re3 Kh7
38.Kh2 a6 39.f3 Qa1 40.fxe4 Qxa3 41.Rf3 Qa2 42.Rxf7+ Kh8 43.Qxa2 Bxa2 44.Rc7 Bb1
45.e5 Bf5 46.Kg2 Kg8 47.Kf3 Kf8 48.Ke3 Ke8 49.Kd4  1-0

[Event "Vienna op"]
[Site "Vienna"]
[Date "1986.??.??"]
[Round "?"]
[White "Farago, Ivan"]
[Black "Matanovic, Aleksandar"]
[Result "0-1"]
[WhiteElo "2520"]
[BlackElo "2495"]

1.d4 Nf6 2.c4 e6 3.Nf3 b6 4.a3 d5 5.Nc3 Be7 6.cxd5 exd5 7.Bf4 O-O 8.e3 Bb7
9.Be2 c5 10.Ne5 Nc6 11.O-O cxd4 12.exd4 Ne4 13.Nxc6 Bxc6 14.Rc1 Qd7 15.Ba6 Rad8
16.Qd3 Bd6 17.Ne2 Bxf4 18.Nxf4 Qd6 19.g3 Bd7 20.Rfe1 Rfe8 21.Bb7 Nf6 22.Qc3 Rxe1+
23.Rxe1 Rb8 24.Ba6 b5 25.Qa5 Rb6 26.Bxb5 Rxb5 27.Qxa7 Rxb2  0-1

[Event "Wuppertal"]
[Site "Wuppertal"]
[Date "1986.??.??"]
[Round "?"]
[White "Meyer, Peter"]
[Black "Lau, Ralf"]
[Result "1/2-1/2"]
[WhiteElo "2295"]
[BlackElo "2455"]

1.d4 Nf6 2.Nf3 e6 3.c4 b6 4.a3 c5 5.e3 g6 6.Nc3 Bg7 7.Be2 O-O 8.O-O d6 9.Qc2 a6
10.b3 Bb7 11.Rd1 Qc7 12.Bb2 Nbd7 13.Rac1  1/2-1/2

[Event "FRG-ch"]
[Site "Bad Neuenahr"]
[Date "1987.??.??"]
[Round "?"]
[White "Schuh, Hubert"]
[Black "Zude, Arno"]
[Result "1/2-1/2"]
[WhiteElo "2295"]
[BlackElo "2295"]

1.d4 Nf6 2.Nf3 e6 3.c4 b6 4.a3 Bb7 5.Nc3 d5 6.cxd5 Nxd5 7.Qc2 Be7 8.Nxd5 Bxd5
9.e4 Bb7 10.Bf4 c6 11.Bc4 Nd7 12.O-O O-O 13.Rad1 Rc8 14.Rfe1 a5 15.Ba2 Re8
16.Bg3 b5 17.Bb1 Nf8 18.Ne5 Qb6 19.Qc3 c5 20.dxc5 Bxc5 21.Nd7 Nxd7 22.Rxd7 Bc6
23.Rd2 b4 24.Qf3  1/2-1/2

[Event "Wch U20"]
[Site "Baguio"]
[Date "1987.??.??"]
[Round "?"]
[White "Puri, Vinny"]
[Black "Wessman, Richard"]
[Result "1-0"]
[WhiteElo "2285"]
[BlackElo "2285"]

1.c4 e6 2.Nf3 Nf6 3.d4 b6 4.a3 Ba6 5.Qc2 Bb7 6.Nc3 c5 7.e4 cxd4 8.Nxd4 d6
9.Be2 Nbd7 10.Be3 Be7 11.O-O Qc7 12.Rfd1 a6 13.f3 O-O 14.Rac1 Rac8 15.Bf1 Rfe8
16.Qf2 Qb8 17.Nb3 Nc5 18.Nd2 Bd8 19.g4 d5 20.b4 Ncd7 21.g5 Nh5 22.exd5 exd5
23.cxd5 Qe5 24.Nde4 f5 25.gxf6 Ndxf6 26.Bd4 Qf4 27.Bh3 Rc4 28.Be3 Qe5 29.Be6+ Kh8
30.Ng5 Rf8 31.Qd2 Bc7 32.Nce4 Rxc1 33.Rxc1 Bxd5 34.Rxc7 Bxe6 35.Qd6 Qxd6
36.Nxd6 Bd5 37.Bxb6 h6 38.Ngf7+ Kh7 39.Ne5 Nf4 40.Bc5 N6h5 41.Kf2 Ng6 42.Ndf7 Re8
43.Ng4 Nhf4 44.Nfe5 Kg8 45.Nxg6 Nxg6 46.Ne3 Bf7 47.Nf5 Re5 48.Nd6 Bd5 49.Ra7 Nf4
50.Bd4 Nd3+ 51.Kf1 Re1+ 52.Kg2 Nf4+ 53.Kf2 Nd3+ 54.Kg3 Rf1 55.Ne4 Bf7 56.Rxa6 Bh5
57.Nd2 Rd1 58.Be3 Re1 59.Bd4 Rd1 60.Be3 Re1 61.Ba7 Re2 62.Ra5 g5 63.Ne4 Bg6
64.Nf2 Ne5 65.Bd4 Nc6 66.Ra8+ Kf7 67.Bc5 h5 68.b5 Re5 69.bxc6 Rxc5 70.Ra7+ Kf6
71.c7 Bf5 72.Kg2 Rc3 73.h3 Ke5 74.Rb7 Kf4 75.a4 Rc2 76.a5 g4 77.hxg4 hxg4
78.Rb4+ Ke3 79.Rb3+ Kf4 80.fxg4 Be4+ 81.Kg1 Bd5 82.Rb5 Bf3 83.Rc5  1-0

[Event "Wch U20"]
[Site "Baguio"]
[Date "1987.??.??"]
[Round "?"]
[White "Puri, Vinny"]
[Black "Agdestein, Simen"]
[Result "0-1"]
[WhiteElo "2285"]
[BlackElo "2565"]

1.Nf3 Nf6 2.c4 e6 3.d4 b6 4.a3 Ba6 5.Qc2 Bb7 6.Nc3 c5 7.e4 cxd4 8.Nxd4 Nc6
9.Nxc6 Bxc6 10.Be2 Qb8 11.O-O h5 12.h3 Bc5 13.Bd3 Ng4 14.hxg4 hxg4 15.Re1 Qh2+
16.Kf1 Qh1+ 17.Ke2 Qxg2 18.Rf1 Rh2 19.Nd1 Qf3+ 20.Ke1 g3 21.Qe2 gxf2+ 22.Kd2 Qf6
23.Kc2 Ba4+ 24.Kb1 Bxd1 25.Rxd1 Bd4 26.Rf1 Rh3 27.Ra2 Ke7 28.b3 Rah8 29.Bb2 Rh1
30.e5 Rxf1+ 31.Qxf1 Qf3 32.Bxd4 Rh1 33.Kc2 Rxf1 34.Bxf1 Qe4+  0-1

[Event "Banja Vrucica"]
[Site "Banja Vrucica"]
[Date "1987.??.??"]
[Round "11"]
[White "Muse, Mladen"]
[Black "Ilijin, Neboisa"]
[Result "1-0"]
[WhiteElo "2415"]
[BlackElo "2270"]

1.d4 Nf6 2.c4 e6 3.Nf3 b6 4.a3 Ba6 5.Qc2 Bb7 6.Nc3 c5 7.e4 cxd4 8.Nxd4 Bc5
9.Nb3 Nc6 10.Bg5 h6 11.Bh4 a6 12.Rd1 Be7 13.Be2 O-O 14.O-O Qc7 15.Bg3 d6
16.Nd5 exd5 17.cxd5 Nxe4 18.Qxe4 Nd8 19.Nd4 g6 20.Rc1 Qd7 21.Nc6 Bg5 22.f4 f5
23.Qb4 Bf6 24.Qxb6 Qg7 25.Bf2 Bxc6 26.dxc6 Kh8 27.c7 Ne6 28.Qxd6 Qe7 29.Qxe7 Bxe7
30.Bxa6 Rxa6 31.c8=Q Rxc8 32.Rxc8+ Kg7 33.Re1 Bf6 34.Rb8 Nxf4 35.Rb7+  1-0

[Event "Bath zt"]
[Site "Bath"]
[Date "1987.??.??"]
[Round "?"]
[White "Le Blancq, Simon"]
[Black "Condie, Mark L"]
[Result "1/2-1/2"]
[WhiteElo "2285"]
[BlackElo "2415"]

1.d4 Nf6 2.Nf3 e6 3.c4 b6 4.a3 Ba6 5.e3 d5 6.b3 c5 7.dxc5 bxc5 8.Be2 Bb7
9.O-O Nc6 10.Bb2 Be7 11.cxd5 exd5 12.Nc3 O-O 13.Rc1 d4 14.exd4 Nxd4 15.Nxd4 cxd4
16.Na4 Qa5 17.Bf3 Bxf3 18.Qxf3 Rad8 19.Rfd1 Rfe8 20.g3 Bf8 21.Bxd4 Ne4 22.Bc3 Nxc3
23.Qxc3 Qxc3 24.Nxc3 Bxa3 25.Rxd8 Rxd8 26.Ra1 Bb4 27.Rd1 Rxd1+ 28.Nxd1 Kf8
29.Kf1 Ke7 30.Ke2 Ke6 31.Ne3 Bc5 32.Nc2 f5 33.f3 h5 34.h3 g5 35.g4 fxg4 36.fxg4 hxg4
37.hxg4 Kd5 38.Kf3 Bb6 39.Nb4+ Kd4 40.Nc6+ Kc5 41.Ne5 Kb4 42.Nf7 Kxb3 43.Nxg5 Bd4
44.Ne6 Bc3 45.Nc5+ Kc4 46.Na6 Kb5 47.Nc7+ Kc6 48.Ne6 Kd6 49.Nf4 a5 50.Ke2 a4
51.Kd3 Be5 52.Kc4 a3 53.Kb3  1/2-1/2

[Event "Beersheba"]
[Site "Beersheba"]
[Date "1987.??.??"]
[Round "?"]
[White "Farago, Ivan"]
[Black "Greenfeld, Alon"]
[Result "0-1"]
[WhiteElo "2535"]
[BlackElo "2515"]

1.d4 Nf6 2.c4 e6 3.Nf3 b6 4.a3 Ba6 5.Qc2 Bb7 6.Nc3 c5 7.e4 cxd4 8.Nxd4 Nc6
9.Nxc6 Bxc6 10.Be2 Qb8 11.O-O Qe5 12.Bf3 g5 13.g3 h5 14.Bd2 Bc5 15.Nd5 O-O-O
16.Bc3 Bd4 17.Bxd4 Qxd4 18.Bg2 g4 19.Rfd1 Qe5 20.Nxf6 Qxf6 21.c5 Qe5 22.b4 bxc5
23.Rab1 Kb8 24.b5 Bb7 25.a4 h4 26.a5 hxg3 27.hxg3 f5 28.exf5 Rh5 29.Bxb7 Kxb7
30.Qd3 d5 31.Qf1 Qxf5 32.a6+ Ka8 33.Qg2 Qf3  0-1

[Event "Bern"]
[Site "Bern"]
[Date "1987.??.??"]
[Round "?"]
[White "Cebalo, Miso"]
[Black "Gast, Jonathan"]
[Result "1-0"]
[WhiteElo "2480"]
[BlackElo "2325"]

1.Nf3 Nf6 2.c4 e6 3.d4 b6 4.a3 Bb7 5.Nc3 d5 6.cxd5 Nxd5 7.Qc2 Nf6 8.Bg5 Nbd7
9.Rd1 Be7 10.e4 O-O 11.Bd3 h6 12.Bf4 c5 13.d5 exd5 14.exd5 Nh5 15.Be3 Bd6
16.O-O Ne5 17.Nxe5 Bxe5 18.Rfe1 Nf4 19.Be4 Qf6 20.g3 Nh3+ 21.Kg2 Bxc3 22.Qxc3 Qxc3
23.bxc3 Rfe8 24.Bxh6 Nxf2 25.Kxf2 gxh6 26.c4 Kf8 27.Kf3 Rad8 28.a4 Rd6 29.Bf5 Ba6
30.Rxe8+ Kxe8 31.Re1+ Kd8 32.Re4 Rf6 33.Kf4 Bc8 34.g4 Bxf5 35.gxf5 Kd7 36.Ke5 Ke7
37.Rg4 Rd6 38.Rg8 a6 39.Re8+ Kxe8 40.Kxd6  1-0

[Event "Bern"]
[Site "Bern"]
[Date "1987.??.??"]
[Round "?"]
[White "Cebalo, Miso"]
[Black "Unzicker, Wolfgang"]
[Result "1/2-1/2"]
[WhiteElo "2480"]
[BlackElo "2470"]

1.d4 Nf6 2.c4 e6 3.Nf3 b6 4.a3 Bb7 5.Nc3 d5 6.cxd5 Nxd5 7.Qc2 Nxc3 8.Qxc3 Nd7
9.Bg5 Qc8 10.Rc1 Bd6 11.e3 O-O 12.Bb5 c5 13.O-O a6 14.Be2 Qb8 15.Bh4 Rc8
16.Rfd1 c4 17.Qc2 b5 18.e4 Nf8 19.e5 Bc7 20.Nd2 Ng6 21.Bg3 Ne7 22.Ne4 Nf5
23.Bg4 Nxg3 24.hxg3 Bxe4 25.Qxe4 Rd8 26.d5 exd5 27.Rxd5 Rxd5 28.Qxd5 Bxe5
29.Re1 Bf6 30.Bf3 Ra7 31.Qc6 Re7 32.Rxe7 Bxe7 33.Qxa6 Bf6  1/2-1/2

[Event "Bern"]
[Site "Bern"]
[Date "1987.??.??"]
[Round "?"]
[White "Cebalo, Miso"]
[Black "Franzoni, Giancarlo"]
[Result "1/2-1/2"]
[WhiteElo "2480"]
[BlackElo "2390"]

1.d4 Nf6 2.c4 e6 3.Nf3 b6 4.a3 Ba6 5.Qc2 c5 6.dxc5 Bxc5 7.b4 Be7 8.e4 d6
9.Be2 Nbd7 10.Bb2 O-O 11.Nbd2 Qb8 12.O-O Rc8 13.Qb3 Bb7 14.Bd3 Ng4 15.h3 Nge5
16.Nxe5 Nxe5 17.Be2 Qc7 18.f4 Nd7 19.Rad1 Bf6 20.Bxf6 Nxf6 21.Bf3 e5 22.Qe3 exf4
23.Qxf4 Re8 24.c5 bxc5 25.Nc4 Nxe4 26.Bxe4 Rxe4 27.Qxd6 Qc8 28.Qd7 Qxd7 29.Rxd7 Ba6
30.Rfxf7 Bxc4 31.Rxg7+ Kf8 32.bxc5 Rc8 33.Rxh7 Bg8 34.Rh8 Rc4 35.Rxa7 R4xc5
36.Rh4 R5c7 37.Rxc7 Rxc7  1/2-1/2

[Event "Biel schev"]
[Site "Biel"]
[Date "1987.??.??"]
[Round "?"]
[White "Costa, Jean Luc"]
[Black "Bellin, Jana"]
[Result "1-0"]
[WhiteElo "2320"]
[BlackElo "2340"]

1.d4 Nf6 2.c4 e6 3.Nf3 b6 4.a3 Ba6 5.Qc2 Bb7 6.Nc3 c5 7.e4 cxd4 8.Nxd4 Bc5
9.Nb3 Nc6 10.Bf4 Be7 11.Be2 d6 12.Rd1 Qb8 13.c5 bxc5 14.Nxc5 e5 15.Nxb7 Qxb7
16.Be3 O-O 17.b4 Rac8 18.Qd3 Nd8 19.O-O Ne6 20.Nd5 Nxd5 21.Qxd5 Qb8 22.Bg4 Nc7
23.Qa5 Rce8 24.Bd7 Rd8 25.Bc6 Ne6 26.Qxa7 Qc8 27.Rc1 Bg5 28.Bd5 Bxe3 29.fxe3 Qd7
30.Qxd7 Rxd7 31.a4 Rb8 32.Rc4 Ra7 33.a5 Nd8 34.Rfc1 Kf8 35.Rc8 Rxc8 36.Rxc8 Ke7
37.Ra8 Rc7 38.b5 Rc1+ 39.Kf2 Kd7 40.b6 Rb1 41.a6 Rxb6 42.Rxd8+  1-0